=LDR 00000nam 2200000 4500 =001 INLIS000000000037487 =005 20141104105731.0 =006 =007 =008 Ind =035 ##$$a 0010-061300000037487 =041 ##$$a Ind =082 ##$$a 616.120 76 =090 ##$$a 616.120 76, Gra s =100 ##$$a Graha, Chairinniza K =245 ##$$a 100 Questions dan answers, Kolesterol, Chainniza K Graha =260 ##$$a [sa] $b Jakarta =300 ##$$a x,265 hlm, Ilus, 21 cm =650 ##$$a Kolesterol - Soal - Soal Dan Jawaban =850 ##$$a NBPNMAT =990 ##$$a 21400613/BPAP-NTB/20142014